000 00258nam a22001097a 4500
082 _a510
100 _aGuider
_979384
245 _a50 Practice Sets Reasoning
260 _aMeerut
_bGuider Competitive Group
_c2020
650 _aReasoning
_9207
942 _cBK
999 _c63015
_d63015